The art of yoga / (Record no. 127044)
[ view plain ]
| 000 -LEADER | |
|---|---|
| fixed length control field | 00569nam a22002057a 4500 |
| 005 - DATE AND TIME OF LATEST TRANSACTION | |
| control field | 20170124110019.0 |
| 010 ## - LIBRARY OF CONGRESS CONTROL NUMBER | |
| LC control number | A-258279 |
| 020 ## - INTERNATIONAL STANDARD BOOK NUMBER | |
| Terms of availability | 00.00 |
| International Standard Book Number | 0041490622 |
| 035 ## - SYSTEM CONTROL NUMBER | |
| System control number | A-258279 |
| 037 ## - SOURCE OF ACQUISITION | |
| Source of stock number/acquisition | Cen Lib/Ret |
| 040 ## - CATALOGING SOURCE | |
| Original cataloging agency | DPL |
| Language of cataloging | EN |
| 082 ## - DEWEY DECIMAL CLASSIFICATION NUMBER | |
| Classification number | 613.7 |
| Item number | IYE |
| 100 ## - MAIN ENTRY--PERSONAL NAME | |
| Personal name | Iyengar, B K S |
| 9 (RLIN) | 19223 |
| 245 ## - TITLE STATEMENT | |
| Title | The art of yoga / |
| Statement of responsibility, etc | by B K S Iyengar |
| 260 ## - PUBLICATION, DISTRIBUTION, ETC. (IMPRINT) | |
| Name of publisher, distributor, etc | Unwin Paperbacks |
| Date of publication, distribution, etc | 1985 |
| Place of publication, distribution, etc | London |
| 270 ## - ADDRESS | |
| Address | 40 Museum Street |
| City | London |
| 300 ## - PHYSICAL DESCRIPTION | |
| Extent | xv,128p. : |
| Dimensions | 24cm(Hb) |
| Other physical details | ill. |
| 650 ## - SUBJECT ADDED ENTRY--TOPICAL TERM | |
| Topical term or geographic name as entry element | Physical fitness. |
| 9 (RLIN) | 19224 |
| 942 ## - ADDED ENTRY ELEMENTS (KOHA) | |
| Source of classification or shelving scheme | Dewey Decimal Classification |
| Koha item type | English Books |
| Classification part | 613.7 |
| Call number suffix | IYE |
| Withdrawn status | Lost status | Damaged status | Not for loan | Home library | Current library | Date acquired | Source of acquisition | Cost, normal purchase price | Total Checkouts | Full call number | Barcode | Date last seen | Copy number | Cost, replacement price | Price effective from | Koha item type |
|---|---|---|---|---|---|---|---|---|---|---|---|---|---|---|---|---|
| Central Library | Central Library | 27/06/2015 | Cen Lib/Ret | 0.00 | 613.7 IYE | A-258279 | 27/06/2015 | 1 | 0.00 | 27/06/2015 | English Books |
